000 01338nam a22002057a 4500
999 _c60378
_d60378
003 Ge_BSU
005 20230707112144.0
008 230707s1986ge xxu||||| |||| 00| 0 geo d
041 _ageo
080 _a502(038) ბ-13
100 _aბაგრატიონი, იოანე, ავტორი.
_919189
245 _aსაბუნებისმეტყველო განმარტებითი ლექსიკონი /
_cიოანე ბაგრატიონი ; ტექსტი გამოსაცემად მოამზადეს, გამოკვლევა და საძიებლები დაურთეს თინა ენუქიძემ და ნანა კიკნაძემ ;
264 _aთბილისი :
_b მეცნიერება,
_c1986.
300 _a279 გვ. ;
_b25 სმ.
501 _aსაძიებლები: გვ. 225-278.
653 _aსაბუნებისმეტყველო განმარტებითი
700 _aენუქიძე, თინა
_eტექსტი გამოსაცემად მოამზადა
_919190
700 _aკიკნაძე, ნანა
_eტექსტი გამოსაცემად მოამზადა
_917535
942 _2udc
_cBK